Young Adults in the Workplace : A Multisite Initiative of Substance Use Prevention Programs.

Bibliographic Details
Main Author: Bray, Jeremy W.
Other Authors: Galvin, Deborah M., Cluff, Laurie A.
Format: eBook
Language:English
Published: Research Triangle Park, NC : RTI International / RTI Press, 2011.
Edition:1st ed.
Series:RTI Press Publication
Subjects:
Online Access:Click to View
LEADER 01597nam a22003853i 4500
001 EBC6824324
003 MiAaPQ
005 20231204023220.0
006 m o d |
007 cr cnu||||||||
008 231204s2011 xx o ||||0 eng d
020 |a 9781934831038  |q (electronic bk.) 
035 |a (MiAaPQ)EBC6824324 
035 |a (Au-PeEL)EBL6824324 
035 |a (OCoLC)857083871 
040 |a MiAaPQ  |b eng  |e rda  |e pn  |c MiAaPQ  |d MiAaPQ 
100 1 |a Bray, Jeremy W. 
245 1 0 |a Young Adults in the Workplace :  |b A Multisite Initiative of Substance Use Prevention Programs. 
250 |a 1st ed. 
264 1 |a Research Triangle Park, NC :  |b RTI International / RTI Press,  |c 2011. 
264 4 |c Ã2011. 
300 |a 1 online resource (168 pages) 
336 |a text  |b txt  |2 rdacontent 
337 |a computer  |b c  |2 rdamedia 
338 |a online resource  |b cr  |2 rdacarrier 
490 1 |a RTI Press Publication 
588 |a Description based on publisher supplied metadata and other sources. 
590 |a Electronic reproduction. Ann Arbor, Michigan : ProQuest Ebook Central, 2023. Available via World Wide Web. Access may be limited to ProQuest Ebook Central affiliated libraries.  
655 4 |a Electronic books. 
700 1 |a Galvin, Deborah M. 
700 1 |a Cluff, Laurie A. 
776 0 8 |i Print version:  |a Bray, Jeremy W.  |t Young Adults in the Workplace  |d Research Triangle Park, NC : RTI International / RTI Press,c2011 
797 2 |a ProQuest (Firm) 
830 0 |a RTI Press Publication 
856 4 0 |u https://ebookcentral.proquest.com/lib/matrademy/detail.action?docID=6824324  |z Click to View